000 00656nam a2200277Ia 4500
005 20260324120316.0
008 008 260324s9999 xx 000 0 eng d
020 _a9781315883472
037 _aEBOOK
040 _aCRL
040 _beng
040 _cCRL
041 _2eng
041 _aeng
084 _qCRL
100 _aDavid Nunan; Jack C. Richards
_91158058
245 0 _aLanguage Learning Beyond the Classroom
260 _bTaylor and Francis
260 _c2015
365 _a
365 _b255
856 _uhttp://www.taylorfrancis.com/books/9781315883472
942 _cEBOOK
999 _c1749517
_d1749517